| 000 | 00919nam a2200289Ia 4500 | ||
|---|---|---|---|
| 003 | OSt | ||
| 005 | 20221006142122.0 | ||
| 006 | a|||||r|||| 00| 0 | ||
| 007 | ta | ||
| 008 | 221006b |||||||| |||| 00| 0 eng d | ||
| 020 |
_a0521550289 _c£40.00 |
||
| 024 | _a5,339 | ||
| 037 | _cTextual | ||
| 040 |
_aEASL _cEASL _beng |
||
| 041 |
_2eng _aeng |
||
| 082 | _aQ4596, N6 | ||
| 100 |
_aKORNICKI P F Ed. _9646918 |
||
| 245 | 0 |
_aReligion in Japan _b Arrows to heaven and earth |
|
| 260 |
_aCambridge _bCambridge University Press _c1996 |
||
| 300 |
_axxv, 315p. _ccm. |
||
| 490 |
_v JEL _aUniversity of Cambridge Oriental Publications 50 ofcambridgeoriental publication50 |
||
| 650 | _a JEL | ||
| 650 |
_areligiouslifeandcustoms I komicki Peter f _9646919 |
||
| 700 |
_a MCMULLEN I J Ed. _9646920 |
||
| 942 |
_hQ4596, N6 _cTEXL _2CC |
||
| 999 |
_c1073425 _d1073425 |
||